[Event "RUS-Cup06"]
[Site "Nizhnij Novgorod"]
[Date "1998.07.02"]
[Round "4"]
[White "Volkov, Sergey"]
[Black "Popov, Valerij"]
[Result "1/2-1/2"]
[WhiteElo "2545"]
[BlackElo "2505"]
[Annotator "Tsesarsky,I"]
[PlyCount "48"]
[EventDate "1998.06.29"]
[EventType "swiss"]
[EventRounds "9"]
[EventCountry "RUS"]
[SourceTitle "EXT 2000"]
[Source "ChessBase"]
[SourceDate "1999.11.16"]
[SourceVersion "1"]
[SourceVersionDate "1999.11.16"]
[SourceQuality "1"]

1. d4 d5 2. c4 c6 3. Nc3 Nf6 4. e3 e6 5. Bd2 Nbd7 (5... Bd6 6. c5 Bc7 7. f4
Nbd7 8. Bd3 b6 9. b4 bxc5 10. bxc5 Nf8 11. Nf3 Ng6 12. O-O Ba5 $2 13. Qa4 Bxc3
(13... Qc7 $2 14. Nb5 $18 {1-0 Franck,R-Herrmann,U/Open German Seniors,
Weilburg GER 1998 (27)}) 14. Bxc3 $16) 6. Qc2 (6. c5 e5 7. b4 Be7 8. Nge2 O-O
9. g3 Re8 10. Bg2 e4 11. a4 Nf8 12. Qb1 g6 13. a5 a6 14. Qb3 Ne6 15. O-O-O $14
{Kragelj,M-Kolar,S/2nd op, Nova Gorica SLO 1997/0-1 (54)}) 6... Bd6 (6... b6 7.
cxd5 exd5 8. Bd3 Be7 9. Nge2 Bb7 10. Ng3 g6 11. h4 Qc7 12. e4 c5 13. Nxd5 Nxd5
14. exd5 Bxd5 15. h5 Bf6 16. hxg6 hxg6 17. Rxh8+ Bxh8 18. Bxg6 Bxd4 19. Be4 $15
{Volkov,S-Dreev,A/ch-RUS, St Petersburg RUS 1998/0-1 (67)}) 7. c5 Bb8 8. f4 b6
9. b4 O-O (9... a5 10. b5 bxc5 (10... Bb7 11. cxb6 cxb5 12. Bxb5 Qxb6 13. Nf3
$14) 11. bxc6 Nf8 (11... Nb6 12. dxc5 $18) 12. dxc5 $14) 10. Rb1 (10. Nf3 a5
11. b5 Bb7 12. Ne5 Nxe5 13. fxe5 Nd7 14. cxb6 c5 $15) 10... a5 11. a3 axb4 12.
axb4 bxc5 (12... Bc7 13. Nf3 Ba6 14. Bxa6 Rxa6 15. O-O b5 16. Ne5 Qa8 17. Be1
Qa7 18. Bh4 Ra8 19. Nxd7 (19. Qf2 Ra3 20. Rbc1 Qb7 21. Nxd7 Nxd7 22. f5 e5 23.
f6 g6 24. Nxd5 (24. Bg5 Nf8 $15) 24... cxd5 25. c6 Qc8 26. cxd7 Qxd7 27. Bg3
Ra2 (27... Bd6 28. Bxe5 Bxb4 29. Rc7 Qg4 30. h3 Qe4 31. Bf4 Ra1 $132 (31... Rc3
32. Rxc3 Bxc3 33. Qh4 Ra2 34. Rf2 Rxf2 35. Kxf2 h5 36. Qg5 Kf8 37. Qh6+ Ke8 38.
Qh8+ Kd7 39. Qb8 $18)) 28. Rc2 Rxc2 29. Qxc2 Bd6 30. Bxe5 Bxb4 $132) 19... Nxd7
20. f5 e5 21. f6 exd4 22. exd4 Bd8 23. Rbe1 Nxf6 $17) 13. bxc5 Bc7 (13... Ba6
14. Bxa6 Rxa6 15. Nf3 Bc7 16. O-O Qa8 17. Rb2 Rb8 $11) 14. Nf3 Ba5 (14... Ba6
15. Bxa6 Rxa6 16. O-O $11) 15. Na2 $5 (15. Bd3 Ba6 $11) 15... Ne4 16. Bxa5
Qxa5+ 17. Nb4 Rb8 (17... f5 18. Bd3 Rb8 (18... Ba6 19. Bxa6 Rfb8 20. O-O Rxb4
21. Bb7 Rxb1 22. Rxb1 Rb8 23. Bxc6 Qa3 24. Re1 $16) 19. Qb2 Qc7 20. O-O $14)
18. Qb2 Nexc5 $6 (18... Ndf6 19. Bd3 Ng4 20. O-O Nxe3 21. Rfe1 Ng4 22. Nxc6
Rxb2 (22... Qxe1+ 23. Nxe1 Rxb2 24. Rxb2 Re8 25. Rb8 $16) 23. Nxa5 Rxb1 24.
Rxb1 $14) 19. dxc5 Qxc5 (19... Nxc5 20. Nd2 (20. Nd4 Bd7 21. Be2 Na4 22. Qd2 c5
$19) 20... Ne4 (20... Bd7 21. Be2 Na4 22. Nxc6 Qxd2+ 23. Qxd2 Rxb1+ 24. Kf2 (
24. Bd1 Bxc6 25. Qc2 Rb6 26. O-O Rc8 $132) 24... Rxh1 25. Ne7+ Kh8 26. Qb4 Rd8
$8 27. Qa5 Re8 28. Qc7 Rxe7 29. Qd8+ Re8 30. Qxd7 Ra8 31. Qc6 $18) 21. Be2 Nxd2
22. Kxd2 c5 23. Qa2 $16) 20. Nd4 (20. Qd2 Qd6 21. Rb2 c5 22. Nd3 Ba6 23. Be2
Rxb2 24. Nxb2 Bxe2 25. Qxe2 Ra8 26. O-O Ra2 27. Rb1 Qb8 28. Qc2 Qa7 $14) 20...
Qb6 (20... Rxb4 21. Qxb4 Qxb4+ 22. Rxb4 c5 23. Rb3 cxd4 24. exd4 $16) 21. Ndxc6
(21. Be2 c5 22. Ndc6 cxb4 23. Nxb8 Nxb8 24. Qxb4 Qxb4+ 25. Rxb4 $16) 21...
Qxe3+ 22. Be2 Ba6 23. Rf1 (23. Nxb8 Rxb8 24. Qd2 (24. Qc2 Bxe2 25. Qxe2 Qxf4
26. Rf1 Qxh2 27. Rb3 Nf6 28. Rh3 Qd6 29. Nd3 Rb1+ 30. Kf2 Ne4+ 31. Kg1 Ng3 32.
Rxg3 Rxf1+ 33. Qxf1 Qxg3 $17) 24... Qe4 25. Kf2 Bxe2 26. Rhe1 Nc5 27. Nxd5 Rc8
28. Ne7+ Kf8 29. Rxe2 Kxe7 30. Rd1 $14) 23... Rfc8 24. Rf3 $2 (24. Nxb8 Bxe2
25. Qxe2 Rc1+ 26. Rxc1 Qxc1+ 27. Kf2 Qxf4+ 28. Kg1 Qxb8 29. Nc6 $18) 24... Qg1+
$2 (24... Qxe2+ 25. Qxe2 Bxe2 26. Nxb8 Bxf3 27. Nxd7 Bxg2 28. Nc6 Re8 29. Rb7
f6 30. Kf2 $14) (24... Qg1+ 25. Rf1 Qxh2 26. Nxb8 Bxe2 27. Nxd7 Bxf1 28. Kxf1
Qxf4+ 29. Qf2 Qe4 30. Qe1 Qf4+ 31. Kg1 Qd6 32. Ne5 f6 33. Ng4 $18) 1/2-1/2

[Event "Bermuda-A"]
[Site "Bermuda"]
[Date "2003.01.25"]
[Round "1"]
[White "Shabalov, Alexander"]
[Black "Christiansen, Larry Mark"]
[Result "1/2-1/2"]
[WhiteElo "2613"]
[BlackElo "2562"]
[Annotator "Tsesarsky,I"]
[PlyCount "60"]
[EventDate "2003.01.25"]
[EventType "tourn"]
[EventRounds "11"]
[EventCountry "BER"]
[EventCategory "15"]
[SourceTitle "CBM 094"]
[Source "ChessBase"]
[SourceDate "2003.05.26"]
[SourceVersion "1"]
[SourceVersionDate "2003.05.26"]
[SourceQuality "1"]

1. d4 d5 2. c4 e6 3. Nf3 a6 4. cxd5 exd5 5. Nc3 c6 6. Qc2 ({Logical
continuation is} 6. Bf4 {[%cal Ge2e3] White retains slight advantage in this
standard Carlsbad variation PP structure.} Qb6 (6... Bd6 7. Bxd6 (7. Bg3 Nf6 (
7... Ne7 8. e3 O-O 9. Ne5 (9. Bd3 $14) 9... Nf5 10. Bd3 Be6 11. Qc2 g6 12. Na4
Nxg3 13. hxg3 Bxe5 14. dxe5 Qa5+ 15. Ke2 $132 {1-0 Friedman,A-De Mie,M/Wijk
aan Zee 2001/CBM 80 ext (31)}) 8. Qc2 O-O 9. e3 Bg4 10. Bd3 $14 {1/2-1/2
Andreassen,L-Rolvaag,M/NOR 1998/EXT 2001 (25)}) 7... Qxd6 8. e3 Ne7 9. Bd3 Bf5
10. Bxf5 Nxf5 11. Qb3 Qe7 12. Na4 Nd6 13. Nb6 Ra7 14. Ne5 O-O 15. O-O $14 {
1-0 Shneider,A-Lundgren,B/Cattolica 1992/EXT 98 (54)}) (6... Nd7 7. e3 Ne7 8.
Bd3 Ng6 9. Bg3 Nf6 10. h3 c5 11. dxc5 Bxc5 12. O-O O-O 13. Rc1 $16 {1-0 Cebalo,
M-Drazic,S/Milan 2001/CBM 83 ext (83)}) 7. Na4 (7. Qc2 $14) 7... Qa5+ 8. Bd2
Bb4 9. a3 Bxd2+ 10. Nxd2 Nf6 11. e3 O-O 12. Bd3 Bg4 13. Qc2 $14 {0-1 Colin,
B-Euwe,M/Bern 1932/HCL (34)}) (6. Qb3 {This try to use a7-a6 move weakening
b7-b6 squares isn't effective. Black has good counterplay:} Bd6 7. g3 (7. Bg5
Ne7 8. e4 dxe4 9. Nxe4 O-O 10. Bc4 h6 11. Bd2 Bc7 12. O-O-O $132 {1/2-1/2
Gruenfeld,E-Rubinstein,A/Marienbad 1925/HCL (33)}) 7... Ne7 8. Bf4 Bxf4 9. gxf4
$132 {1/2-1/2 Alekhine,A-Rubinstein,A/Baden-Baden 1925/HCL (30)}) 6... Bg4 ({
Interesting is} 6... Bd6 {[%cal Gd6f4]} 7. Bg5 f6 $1 (7... Ne7 8. e3 O-O 9. Bd3
h6 10. Bh4 $14 {1-0 Labadie,J-Marx,N/FRA 2002/EXT 2003 (47)}) 8. Bh4 Ne7 9. Bg3
(9. e4 dxe4 10. Nxe4 Bb4+ 11. Nc3 Bf5 $11) (9. e3 Bf5 10. Bd3 Bxd3 11. Qxd3 O-O
$132) 9... Bf5 10. Qb3 Bxg3 11. hxg3 Nd7 12. Nh4 (12. Qxb7 $4 Nb6 {[%csl Rb7]
[%cal Gf5c8]}) 12... Be6 13. e3 g5 14. Nf3 Bf5 $132 {1-0 Graf,A-Bousios,H/
Kavala 1997/EXT 2001 (56)}) 7. Ne5 Be6 8. Qb3 Ra7 9. e4 (9. Bf4) 9... Nf6 $6
$14 ({Better was} 9... dxe4 10. Bc4 Bxc4 11. Qxc4 b5 {[%cal Ga7f7]} 12. Qe2 f5
$44) 10. Bg5 (10. exd5 Nxd5 11. Bc4 b5 12. Bxd5 Bxd5 13. Nxd5 Qxd5 14. Qxd5
cxd5 15. Bf4 $14 {[%cal Ga1c1]}) 10... dxe4 11. Bc4 Bxc4 12. Qxc4 b5 13. Qe2
Qxd4 14. Ng4 (14. Be3 Qxe5 15. Bxa7 Bb4 $132) 14... Qd3 ({Too dangerous looks} 
14... Nd5 15. Nxe4 Bb4+ 16. Nc3+ Kf8 {[%csl Rf8,Rh8]} 17. O-O Qc4 18. Qf3 $36)
15. Nxf6+ gxf6 16. Bxf6 (16. Qg4 Nd7 17. Rd1 Qc4 18. Be3 (18. Rxd7 $2 Rxd7 19.
Bxf6 Qd3 $1 $19) 18... Rb7 19. Nxe4 Qe6 20. Qf4 Bb4+ 21. Kf1 Be7 22. b3 $14)
16... Qxe2+ 17. Kxe2 Rg8 18. Nxe4 Nd7 ({Not} 18... Rxg2 $2 19. Ng3 {[%csl Rg2]}
Bc5 20. Raf1 $16 {[%csl Rg2][%cal Ge2f3]}) 19. Rac1 $4 $19 {Tactical blunder} (
{Right was} 19. Kf3 {and White leaves with slight advantage in the endgame.}
Be7 20. Rhe1 Kf8 21. Bxe7+ Kxe7 22. Rad1 Ne5+ 23. Kf4 Ng6+ 24. Kg3 Ne5+ 25. Kh3
$14) 19... Rg4 20. f3 Rxe4+ 21. fxe4 Nxf6 22. Rxc6 ({Or} 22. e5 Re7 23. Rxc6
Rxe5+ 24. Kf3 Rf5+ 25. Ke2 Ng4 $19) 22... Nxe4 23. a4 (23. Rd1 Bg7 $19) 23...
b4 $2 $17 ({Easily wins} 23... bxa4 24. Ra1 Rb7 25. Rxa4 Rxb2+ 26. Kf3 Ng5+ 27.
Kg3 Kd7 28. Raxa6 Rd2 {[%cal Gf8d6]} 29. Rcb6 Bd6+ 30. Kh4 Ne6 31. Kh3 Nf4+ $19
) 24. Rd1 Ng5 25. Rc8+ Ke7 26. Rdd8 Bg7 27. Ra8 Rc7 (27... Rxa8 $2 28. Rxa8
Bxb2 29. Rxa6 Ne6 30. Rb6 b3 31. Kd1 $44) 28. Re8+ Kd7 ({Much better was to
continue to play:} 28... Kf6 29. Rxa6+ Ne6 30. Kd3 Kg5 $17 {and Black pieces
collaborate well against disorganized white colleagues .}) 29. Red8+ Ke7 30.
Re8+ Kd7 1/2-1/2

[Event "RUS-chT 05th"]
[Site "Maikop"]
[Date "1998.06.12"]
[Round "10"]
[White "Makarov, Marat"]
[Black "Galkin, Alexander"]
[Result "0-1"]
[WhiteElo "2540"]
[BlackElo "2565"]
[Annotator "Tsesarsky,I"]
[PlyCount "78"]
[EventDate "1998.06.03"]
[EventType "team-tourn"]
[EventRounds "11"]
[EventCountry "RUS"]
[SourceTitle "CBM 066"]
[Source "ChessBase"]
[SourceDate "1998.09.30"]
[SourceVersion "1"]
[SourceVersionDate "1998.09.30"]
[SourceQuality "1"]
[WhiteTeam "Elista Uralan"]
[BlackTeam "Maykop Universitet"]
[WhiteTeamCountry "RUS"]
[BlackTeamCountry "RUS"]

1. Nf3 d5 2. d4 c6 3. c4 e6 4. Nc3 dxc4 5. Bg5 (5. Ne5 c5 (5... b5 6. g3 Bb7 7.
Bg2 Qc7 (7... a6 8. a4 Nf6 9. Bg5 Qb6 10. O-O $44 {0-1 Maciejewski,M-Bany,J/
Wroclaw POL ch 1987 (19)}) 8. O-O Nf6 9. e4 Nbd7 10. Bf4 Bd6 11. Nxd7 Nxd7 12.
e5 (12. Bxd6 Qxd6 13. e5 Qc7 14. Ne4 O-O 15. Qg4 c5 16. Nf6+ Kh8 $15) 12... Bb4
13. Qg4 $44 {Norri,J-Kilpi,T/Tampere ELO 1996/1-0 (42)}) 6. d5 exd5 7. Qxd5
Qxd5 8. Nxd5 Na6 9. e4 Bd6 10. Nxc4 $16 {1-0 Kortschnoi-Preissmann/SMM 1991 
(24)}) (5. a4 Bb4 6. e3 b5 7. Bd2 a5 8. axb5 Bxc3 9. Bxc3 cxb5 10. b3 Bb7 11.
bxc4 b4 $13) 5... Qc7 (5... Be7 6. Bxe7 Qxe7 7. e3 b5 8. a4 Qb4 9. Qc2 Nf6 10.
Be2 O-O 11. O-O Bb7 12. Ne5 Nbd7 13. f4 $132 {1-0 Vladimirov,E-Kutsyn,S/
Tallinn rapid Cup-URS 1988 (33)}) (5... f6 $5 6. Bd2 (6. Bf4 b5 7. e4 Bb7 8.
Be2 Ne7 9. h4 Ng6 10. Bg3 Be7 11. h5 Nf8 $14 {1-0 Pein,M-Bagirov,V/2.BLN 1995 
(28)}) (6. Bh4 Nh6 $5 (6... b5 $5 7. a4 Bb4 8. e3 a6 9. Nd2 Bb7 10. Rc1 Ne7 11.
b3 Nf5 12. Bg3 $132) 7. e4 b5 8. a4 a6 9. g4 $6 (9. axb5 cxb5 10. Nxb5 axb5 11.
Rxa8 Bb7 12. Ra1 Bxe4 $44) (9. e5 $5 g5 10. Bg3 f5 11. h4 g4 12. Ng1 Bb7 13.
Nge2 $44) 9... Be7 (9... Nxg4 10. Rg1 (10. e5 Nh6 11. exf6 gxf6 $15) 10... Nh6
$15) 10. e5 f5 11. Bxe7 Qxe7 12. g5 Nf7 13. Rg1 $44 {1/2-1/2 Sakaev,
K-Beliavsky,A/JUG-chT Tivat 1995 (41)} (13. axb5 cxb5 14. Nxb5 Bb7 $17)) 6...
b5 7. a4 b4 8. Ne4 (8. Na2 Na6 9. Qc2 (9. e4 b3 10. Nc3 Nb4 11. Bxc4 Nc2+ 12.
Ke2 Nxa1 13. Qxa1 Rb8 $15 {1/2-1/2 Ovsejevitsch,S-Goloshchapov,A/ch-U20 UKR,
Simferopol 1997 (44)}) 9... b3 10. Qxc4 Qd5 11. Qxd5 cxd5 12. Nc1 Nb4 13. Bxb4
Bxb4+ 14. Kd1 Rb8 15. e3 $14) 8... Ba6 9. Rc1 Qa5 10. e3 c3 11. bxc3 Bxf1 12.
cxb4 Qd5 13. Nc3 Qd7 14. Kxf1 Bxb4 15. Ne4 $16 {Psakhis,L-Bareev,E/USSR (ch)
1987}) (5... Nf6 6. e4 b5 7. e5 h6 8. Bh4 g5 {Theory}) 6. e4 (6. a4 Bb4 7. e4
b5 8. g3 (8. Be2 Nf6 9. Bxf6 gxf6 10. O-O Bxc3 11. bxc3 Bb7 12. axb5 cxb5 13.
d5 $14 {0-1 Gaprindashvili,N-Kilpi,T/Helsinki op 1992 (28)}) 8... Nf6 9. Bxf6
gxf6 10. Bg2 Bb7 11. O-O $14 {1-0 McCambridge,V-Strugatsky,V/San Mateo rapid
1989 (21)}) (6. e3 b5 7. a4 Bb4 8. Nd2 Qb6 9. Qf3 Bb7 10. Qg3 Nd7 11. Bf4 Ngf6
12. Be2 (12. Qxg7 Rg8 13. Qh6 c5 $132) 12... Nd5 13. Nxd5 cxd5 14. Qxg7 O-O-O
15. Rd1 (15. axb5 Rhg8 16. Qxf7 Rxg2 $132) 15... Rhg8 16. Qxf7 e5 (16... Rxg2
$132) 17. dxe5 Rdf8 18. Qh5 d4 19. Bg4 $16 {0-1 Ruban,V-Sherbakov,R/Anapa 1991
(37)}) 6... b5 7. Be2 (7. a4 Bb4 8. Nd2 a6 9. axb5 cxb5 10. Nxb5 axb5 11. Rxa8
Bb7 12. Ra1 Bxe4 13. Qg4 $14 {1/2-1/2 Bagirov,V-Chekhov,V/USSR 1982 (31)}) 7...
Bb7 8. O-O Nf6 (8... Nd7 9. a4 b4 10. Nb1 Ngf6 11. e5 Ne4 12. Bxc4 Nxg5 13.
Nxg5 Be7 14. Nxf7 Kxf7 15. Bxe6+ Ke8 (15... Kxe6 16. Qb3+ Kf5 17. Qd3+ (17.
Qf7+ Nf6 18. exf6 Bd6 $19) (17. g4+ Kg6 18. Qe6+ Nf6 $19) 17... Ke6 18. Qb3+
$11) 16. Nd2 Nf8 17. Bb3 Rd8 18. Qf3 Rd5 19. Bxd5 cxd5 20. Qg4 $16 {Matamoros,
C-Dao Thien Hai/Moscow olm ECU-VIE 1994/0-1 (46)}) 9. a4 a6 10. axb5 $2 (10.
Qc2 Nbd7 11. e5 h6 12. Bh4 Nd5 13. b3 cxb3 14. Nxd5 exd5 15. Qxb3 $44) 10...
cxb5 11. Bxf6 gxf6 12. d5 Bc5 (12... Rg8 $15) 13. dxe6 $2 $17 (13. b3 b4 (13...
cxb3 14. Qxb3 $132) 14. Na4 c3 15. Nxc5 Qxc5 16. Bc4 exd5 17. exd5 $44) 13...
fxe6 14. Nd4 Qd7 15. Bh5+ Kf8 $17 16. Nd5 $2 $19 (16. Nc2 Qxd1 17. Rfxd1 Ke7
$17) 16... exd5 17. Bg4 (17. e5 Qe7 (17... fxe5 18. Qf3+ Kg8 19. Qg3+ Qg7 20.
Qh3 Qf6 21. Qg4+ Kf8 (21... Qg7 22. Qe6+ Kf8 23. Qe8#) 22. Ne6+ Ke7 23. Nxc5
Bc8 24. Qe2 Kd6 25. b4 Nc6 26. Rfd1 Nd4 $19) 18. e6 Nc6 $19) 17... Qd6 18. e5 (
18. Ne6+ Ke7 19. exd5 Bxd5 20. Nxc5 Qxc5 21. Re1+ Kf8 $19) 18... fxe5 19. Qf3+
Ke8 20. Ne6 Rg8 (20... Nc6 $19) (20... Ke7 21. Qf5 h6 22. Nxc5 Bc8 23. Qh5 Bxg4
24. Qxg4 Rf8 (24... Qxc5 25. Qg7+ $16) 25. b4 cxb3 $19) 21. Rad1 Nd7 22. Bh5+
Rg6 23. Bxg6+ hxg6 24. Qh3 Ke7 25. Ng5 Nf6 26. Qh4 Kd7 27. Rfe1 Rf8 28. Kh1 Kc6
29. f3 Kb6 30. Qh6 Nd7 31. Ne4 Qe7 32. Nxc5 Kxc5 33. b4+ Kc6 34. Qe3 Qd6 35.
Re2 Qxb4 36. Qg5 Qd6 37. Ra2 Kc7 38. Rda1 Nc5 39. Qd2 Nb3 0-1

[Event "New York op"]
[Site "New York"]
[Date "1998.03.16"]
[Round "2"]
[White "Atalik, Suat"]
[Black "Ippolito, Dean"]
[Result "1-0"]
[WhiteElo "2595"]
[BlackElo "2435"]
[Annotator "Tsesarsky,I"]
[PlyCount "81"]
[EventDate "1998.03.16"]
[EventType "swiss"]
[EventRounds "9"]
[EventCountry "USA"]
[SourceTitle "CBM 064"]
[Source "ChessBase"]
[SourceDate "1998.06.02"]
[SourceVersion "1"]
[SourceVersionDate "1998.06.02"]
[SourceQuality "1"]

1. d4 d5 2. c4 c6 3. Nc3 Nf6 4. e3 e6 5. b3 Nbd7 (5... Be7 6. Bd3 O-O 7. Nf3
dxc4 8. bxc4 c5 9. O-O Nc6 10. Bb2 Kh8 11. Ne4 (11. Qe2 cxd4 (11... b6 12. Rfd1
$14) 12. exd4 Nxd4 13. Nxd4 Qxd4 14. Nd5 Qc5 15. Nxe7 (15. Bxf6 gxf6 (15...
Bxf6 16. Qe4 g6 17. Nxf6 $18) 16. Nxe7 (16. Qh5 f5 17. Nxe7 Qxe7 18. Rfe1 Qf6
19. Rad1 Rg8 $17) 16... Qxe7 17. Rad1 Rg8 $15) 15... Qxe7 $44) 11... cxd4 12.
exd4 Nb4 13. Bb1 Qc7 14. a3 $14 {1-0 Baldwin,D-Glass,J/Redcar op 1995 (25)}) (
5... c5 6. Bb2 cxd4 7. exd4 Bb4 (7... Be7 $11) 8. a3 Bxc3+ 9. Bxc3 dxc4 10.
bxc4 Ne4 11. Rc1 Nxc3 12. Rxc3 Qa5 13. Qd2 O-O 14. Nf3 Rd8 15. Bd3 Nc6 (15...
Nd7 16. O-O b6 17. Re1 Bb7 18. Ne5 Nf6 $132 (18... h6 19. Qc2 Nf6 $132 (19...
Rac8 $4 20. Bh7+ Kf8 21. Nxf7 Nf6 (21... Kxf7 22. Qg6+ Kf8 23. Qxe6 $18) 22.
Nxd8 $18 {1-0 Yusupov,A-Beliavsky,A/Madrid 1995 (42)}))) 16. O-O b6 $132) (5...
dxc4 6. Bxc4 Nbd7 7. Bb2 Bd6 8. Nf3 O-O 9. O-O e5 10. Qc2 Qe7 11. Rae1 e4 12.
Nd2 Re8 $132 (12... Bxh2+ $2 $14 13. Kxh2 Ng4+ 14. Kg3 Qd6+ 15. f4 exf3+ 16.
Kxf3 (16. Kxg4 Ne5+ 17. Kg3 Nxc4+ 18. Kxf3 Nxb2 19. Qxb2 $16) 16... Nh2+ (16...
Ndf6 17. Nde4 Nxe4 18. Qxe4 b5 (18... Nh2+ $14) 19. Bd3 f5 $4 (19... Nh2+ 20.
Kf2 f5 21. Qh4 Nxf1 22. Rxf1 $16) 20. Qf4 $18 {Jussupow,A-Illescas Cordoba,M/
It, Ubeda ESP 1997/1-0 (42)} Nh2+ 21. Ke2 Qxf4 (21... Nxf1 22. Qxd6 $18) 22.
Rxf4 $18) 17. Kf2 Nxf1 18. Rxf1 $14)) (5... Bd6 6. Bd2 $6 O-O 7. Nf3 Qe7 8. Bd3
$11 (8. a3 $2 Nbd7 $2 {0-1 Khusnutdinova,L-Berzina,I/EuYouth U14 Girls,
Tallinn EST 1997 (17)} (8... Bxa3 $17))) (5... Bb4 6. Bb2 c5 (6... Nbd7 7. a3
Bd6 8. Nf3 b6 9. Bd3 Bb7 10. O-O O-O 11. b4 dxc4 12. Bxc4 a5 13. b5 Qb8 14.
bxc6 Bxc6 15. d5 exd5 16. Nxd5 b5 17. Ba2 Ra6 $132 {1/2-1/2 Gulko,B-Hansen,C/
Reykjavik op 1996 (25)}) (6... Ne4 7. Qc2 O-O (7... e5 $6 8. O-O-O $1 Bf5 9.
Bd3 (9. Nxe4 Bxe4 10. Qe2 Qa5 11. f3 Bg6 12. a4 O-O $15) 9... Nxc3 10. Bxc3 (
10. Bxf5 Nxd1 $17) 10... Ba3+ 11. Bb2 Bxd3 12. Qxd3 (12. Rxd3 e4 13. Rd1 Bd6
14. f3 $14 {Agdestein,S-Wallace,J/Eikram mem op, Gausdal NOR 1996/0-1 (51)})
12... e4 13. Qe2 Bxb2+ 14. Kxb2 O-O 15. Nh3 $14) (7... f5 8. Bd3 O-O 9. a3 Bd6
10. g3 Nd7 11. f3 Nxc3 12. Bxc3 Qe7 13. f4 b6 14. Bb2 c5 15. Nf3 Bb7 16. O-O
Rac8 17. Qe2 Nf6 $11 {0-1 Vladimirov Boris T-Ivanov Sergey/Ch St. Petersburg
1997 (29)}) 8. a3 Bxc3+ 9. Bxc3 Nxc3 10. Qxc3 b6 11. Nf3 Bb7 12. b4 dxc4 13.
Bxc4 c5 14. dxc5 bxc5 15. b5 Nd7 16. O-O Qf6 $11 {1-0 Malaniuk Vladimir
P-Yagupov Igor/It open 1996 (38)}) 7. dxc5 Ne4 8. Qc2 d4 9. exd4 Qxd4 10. Rc1
Nd7 11. Nf3 Bxc3+ 12. Bxc3 Qxc3+ 13. Qxc3 Nxc3 14. Rxc3 Nxc5 15. b4 Ne4 16. Re3
Nf6 17. Be2 Ke7 18. O-O Rd8 19. h3 Bd7 20. Ne5 $14 {+/= Yusupov,A-Kramnik,V/
Novgorod 1995}) 6. Bb2 Bd6 7. Bd3 (7. Qc2 O-O 8. O-O-O a5 9. Nf3 a4 10. Nxa4
dxc4 11. bxc4 b5 12. Nc3 (12. cxb5 cxb5 13. Bxb5 Ba6 14. Bxa6 (14. Bxd7 $6 Nxd7
(14... Qxd7 15. Nc5 (15. Nb6 $6 Qb7 $1 (15... Rfc8 16. Nxd7 Rxc2+ 17. Kxc2 $18)
16. Nxa8 Rc8 $19) 15... Qa7 $17) 15. d5 Qe7 16. dxe6 (16. Nd4 Rfc8 17. Nc6 Qe8
18. e4 Bb5 19. Nc3 Bxc6 20. dxc6 Rxc6 $15) 16... Rfc8 (16... fxe6 17. Qd2 Rfc8+
18. Kb1 Nc5 19. Qxd6 Qxd6 20. Rxd6 Nxa4 21. Rc1 $16) 17. exf7+ Qxf7 18. Nc3 $16
) 14... Rxa6 15. Nc3 $44 (15. Nd2 $2 Qa8 16. Nc3 Rc8 $17 {0-1 Agdestein
Simen-Polgar Zsuzsa/Match (active), Oslo (Norway) 1996 (21)}) 15... Qa8 16. Kb1
(16. Kd2 Bb4 17. Ke2 Rc8 18. Rd3 Nd5 $17) 16... Rb8 17. Ka1 $13) 12... b4 13.
Ne4 Nxe4 14. Qxe4 Rxa2 15. Bd3 Nf6 16. Qxc6 Ra6 17. Qb5 Ra5 18. Qc6 Ra6 $11)
7... b6 8. Nf3 Bb7 9. O-O O-O 10. Qe2 Re8 11. Rad1 (11. Rfd1 $5) 11... Qe7 12.
cxd5 $6 $11 (12. e4 dxc4 (12... Nh5 13. e5 Bb4 (13... Nf4 14. Qd2 $18) 14. Qe3
$14) (12... dxe4 13. Nxe4 Nxe4 14. Bxe4 Nf6 15. Bc2 $14) 13. bxc4 e5 14. d5 $14
) 12... exd5 13. Qc2 Rac8 14. Ne2 Ne4 15. Ng3 g6 16. Rfe1 h5 17. Nf1 c5 18.
dxc5 (18. Qe2 Ndf6 $132) 18... Ndxc5 (18... bxc5 19. N1d2 (19. Bxe4 Qxe4 20.
Qxe4 Rxe4 $11) 19... Ndf6 20. h3 $14) 19. Qb1 Rc7 $6 (19... Nxd3 20. Qxd3 Bb4
21. N1d2 Bc3 22. Bxc3 Rxc3 23. Qb1 (23. Qd4 Rc2 24. a4 Rec8 $132) 23... Rec8
24. Nd4 a6 $132) 20. Be2 $14 Ne6 (20... Rec8 21. Rc1 $14) 21. Rc1 Rxc1 (21...
Rec8 22. Rxc7 Rxc7 23. Rc1 $14) 22. Rxc1 Ba3 23. Rc2 (23. Bxa3 Qxa3 24. Rc2 $14
) 23... Bxb2 24. Qxb2 h4 $6 $16 (24... Nd6 25. N1d2 $14) 25. h3 N6g5 26. Nxg5
Nxg5 27. Nh2 (27. Nd2 Rd8 (27... Ne4 28. Qd4 $16) 28. Nf3 $16) 27... Rc8 28.
Rxc8+ Bxc8 29. Qd4 (29. Nf3 Ne4 30. Bd3 $16) 29... Qe4 30. Qf6 $1 Qf5 (30...
Nxh3+ 31. gxh3 Bxh3 32. Qf3 Qb1+ 33. Bf1 Be6 (33... Bxf1 34. Nxf1 Qxa2 35. Qxd5
$16) 34. Qe2 $16) 31. Qe7 Bd7 (31... Kg7 32. Nf1 Be6 33. Qxa7 $16) 32. Bf1 Kg7
33. Ng4 a5 (33... Ne4 34. Bd3 (34. Qxh4 $18) 34... Qe6 35. Qxh4 f5 36. Qh6+ Kg8
37. Nh2 $18) 34. f4 $6 (34. Qd8 $18) 34... Ne4 $6 (34... Nh7 35. Ne5 Be6 36.
Qxh4 Qb1 37. Qd8 (37. Qf2 $16) 37... Qxa2 38. Qxb6 d4 $16) 35. Qxh4 Nd2 $6 (
35... f6 36. Qh6+ Kg8 37. Bd3 $18) 36. Bd3 $1 Qe6 37. Qh6+ Kg8 38. f5 Qc6 39.
f6 Qc1+ 40. Kh2 Nf1+ 41. Bxf1 1-0